书目信息 |
| 题名: |
产品设计
|
|
| 作者: | 伍德 , 奥托 著 ;齐春萍 译 | |
| 分册: | ||
| 出版信息: | 北京 电子工业出版社 2011.1 |
|
| 页数: | 17,700页 | |
| 开本: | 26cm | |
| 丛书名: | 21世纪艺术与设计规划教材 | |
| 单 册: | ||
| 中图分类: | TB472 | |
| 科图分类: | ||
| 主题词: | 产品--设计--高等学校--教材 | |
| 电子资源: | ||
| ISBN: | 978-7-121-12245-3 | |
| 000 | 01129oam2 2200277 45 | |
| 001 | 1360112437 | |
| 005 | 20130530154650.10 | |
| 010 | @a978-7-121-12245-3@dCNY89.00 | |
| 100 | @a20130513d2011 em y0chiy0110 ea | |
| 101 | 1 | @achi@ceng |
| 102 | @aCN@b110000 | |
| 105 | @ay z 000yy | |
| 106 | @ar | |
| 200 | 1 | @a产品设计@AChan Pin She Ji@f(美)奥托(Otto, K.N.),(美)伍德(Wood, K.L.)著@F( Mei ) Ao Tuo (Otto, K.N.),( Mei ) Wu De (Wood, K.L.) Zhu@g齐春萍等译 |
| 210 | @a北京@c电子工业出版社@d2011.1 | |
| 215 | @a17,700页@d26cm | |
| 225 | 2 | @a21世纪艺术与设计规划教材 |
| 330 | @a本书介绍了一套已经得以完整构建的设计方法。这种方法涉及产品开发的各个领域,涵盖了从市场需求的探究、概念的产生和实现、竞争对手的分析、设计与工程的结合等各个方面,以大量的实例阐述了反向设计法与再设计等新的设计理论和方法。 | |
| 461 | 0 | @12001 @a21世纪艺术与设计规划教材 |
| 606 | 0 | @a产品@x设计@x高等学校@j教材 |
| 690 | @aTB472@v5 | |
| 701 | 0 | @g(美)@a伍德@AWu De@g(Wood,K.L.)@4著 |
| 701 | 0 | @g(美)@a奥托@AAo Tuo@g(Otto,K.N.)@4著 |
| 702 | 0 | @a齐春萍@AQi Chun Ping@4译 |
| 801 | @aCN@bTANGWEI@c20130522 | |
| 905 | @b0834446-48@dTB472@e227@f3 | |
| 产品设计/(美)奥托(Otto, K.N.),(美)伍德(Wood, K.L.)著/齐春萍等译.-北京:电子工业出版社,2011.1 |
| 17,700页;26cm.-(21世纪艺术与设计规划教材) |
| ISBN 978-7-121-12245-3:CNY89.00 |
| 本书介绍了一套已经得以完整构建的设计方法。这种方法涉及产品开发的各个领域,涵盖了从市场需求的探究、概念的产生和实现、竞争对手的分析、设计与工程的结合等各个方面,以大量的实例阐述了反向设计法与再设计等新的设计理论和方法。 |
| ● |
| 相关链接 |
|
|
|
|
正题名:产品设计
索取号:TB472/227
 
预约/预借
| 序号 | 登录号 | 条形码 | 馆藏地/架位号 | 状态 | 备注 |
| 1 | 0834446 | 208344460 | 第二样本阅览室/ [索取号:TB472/227] | 在馆 | |
| 2 | 0834447 | 208344479 | 第三借阅区/ [索取号:TB472/227] | 在馆 | |
| 3 | 0834448 | 208344488 | 第三借阅区/ [索取号:TB472/227] | 在馆 |